00429 2200169 4500001002100000008004100021035002000062245004300082100002100125260002400146300002000170020002200190084001400212082000800226650001000234990001500244INLIS000000000003249 ind  a0010-1225000070 aHidangan Di Atas AwancSilvia Iskandar aIskandar, Silvia aJakarta :bGramedia a256c13,5x20 cm a978-602-06-7766-8 a813 ISK h a813 aFiksi a19724/B/26